[Event "Romanian Team Rapid Open 2022"]
[Site "Sebes"]
[Date "2022.12.03"]
[Round "2.29"]
[White "Butuza, Stefan Aurelian"]
[Black "Teodorescu, Razvan"]
[Result "0-1"]
[WhiteElo "1529"]
[BlackElo "2118"]
[Annotator "TA"]
[PlyCount "115"]
[EventDate "2022.12.03"]
[EventType "rapid"]
[EventCountry "ROU"]
[SourceTitle "playchess.com"]
[Source "ChessBase"]
[SourceQuality "1"]

{[%evp 18,115,-29,-47,-34,-104,-83,-94,-96,-155,-154,-129,-106,-160,-148,-149,-118,-137,-134,-135,-134,-129,-128,-128,-128,-127,-122,-132,-119,-118,-108,-129,-124,-125,-125,-137,-133,-156,-120,-137,-116,-182,-190,-227,-196,-240,-234,-344,-337,-303,-295,-295,-291,-420,-417,-371,-397,-630,-618,-579,-550,-29986,-1511,-29987,-385,-380,-247,-220,-126,-137,-51,-202,-197,-29962,-29963,-29966,-29962,-29968,-29969,-29969,-29972,-29971,-29973,-29973,-29972,-29959,-267,-267,-8,-8,-8,-8,-8,-8,0,0,0,0,0,0]} 1. e4 c5 2. c3 {[%cal Bc2c3,Bc3d4,Bd4e5][%mdl 32]} Nf6 3. e5 Nd5 4. d4 cxd4 5. Nf3 Nc6 6. cxd4 d6 7. Bc4 Nb6 8. Bb3 dxe5 9. dxe5 Qxd1+ 10. Bxd1 g6 {B22: Sicilian: 2 c3.} 11. b3 ({Better is} 11. Nc3 $15) 11... Bg7 $17 12. Bb2 Nd7 {[%cal Rd7e5] [#] Black is better.} 13. Na3 $146 (13. Nbd2 $142) ({Predecessor:} 13. O-O Ndxe5 14. Nxe5 Nxe5 15. Nd2 O-O 16. f4 Nf3+ 17. Bxf3 Bxb2 18. Rad1 Rb8 19. Nc4 {0-1 (48) Steinhart,C (2027)-Jankovic,A (2548) Rijeka 2008}) 13... Ndxe5 ({Weaker is} 13... Ncxe5 14. Nxe5 Nxe5 15. Ke2 $17) 14. Nxe5 Nxe5 ({Inferior is} 14... Bxe5 15. Bxe5 Nxe5 16. O-O $15) 15. Bxe5 (15. Ke2 $142 O-O 16. f4 Bg4+ 17. Ke3 Bxd1 18. Raxd1 Ng4+ 19. Kf3 Nxh2+ 20. Rxh2 Bxb2 21. Nc4) 15... Bxe5 16. Rb1 O-O 17. O-O Bf5 {[%cal Oe5d6] A strong pair of Bishops.} 18. Bc2 Bxc2 {Black is more active.} 19. Nxc2 Rfd8 20. Ne3 b5 21. Rfd1 e6 22. g3 a6 23. Rbc1 h5 24. Rxd8+ Rxd8 {[%mdl 4096] Endgame KRB-KRN} 25. Rc6 Rd6 26. Rc8+ Kg7 27. Ra8 Bc3 28. Kg2 a5 29. Rb8 (29. Rc8 $17 Rd3 30. Kf1) 29... Rd2 $19 {Hoping for ...Bd4.} 30. Rxb5 Rxa2 31. Nc4 Bd4 32. Rxa5 (32. Kh1 $142) 32... Rxf2+ 33. Kh1 Rc2 {Against b4} 34. Nd6 f5 {[%cal Oh5h4] White must now prevent ...h4!} 35. Rb5 (35. Nb5 $142 Bf2 36. Na3) 35... Kf6 36. Rb7 Ke5 37. Nf7+ (37. Rd7 $142) 37... Ke4 38. Ng5+ Ke3 39. Re7 e5 (39... Kf2 $142 40. Ne4+ Kf3 41. Ng5+ Kg4 42. Rc7 Rxc7 43. Kg2 Rc2+ 44. Kf1 Kxg5 45. Ke1 Rxh2 46. b4 Bc3+ 47. Kd1 Rb2 48. b5 e5 49. g4 hxg4 50. b6 g3 51. b7 g2 52. Kc1 g1=Q#) 40. Re6 e4 $2 (40... Kf2 41. Ne4+ fxe4 42. Rf6+ Ke1 43. b4 e3 44. Kg1 e2+ 45. Kg2 Kd1 46. Kh3 e1=Q 47. Kh4 Be3 48. Rd6+ Kc1 49. Rc6 Qxb4+ 50. Rc4 Qxc4+ 51. Kh3 Qg4#) 41. Rxg6 Kd3 42. Rd6 {Ne6 is the strong threat.} Kc3 (42... Rd2 $19 {Strongly threatening ...Ke2.} 43. Ne6 Ke3) 43. Ne6 $17 Bf2 (43... Be3 $17 {aiming for ...h4.} 44. Rd8 Kxb3) 44. Rc6+ $2 (44. Rd5 $15) 44... Kxb3 $19 45. Rxc2 {[#]} (45. Ra6 $19) 45... Kxc2 {KB-KN} 46. Kg2 Bb6 47. Nf4 Kd2 48. Kf1 e3 49. Ne2 Bc7 50. Nd4 Bd6 51. Ne2 h4 $2 (51... Be7 {mates} 52. Ng1 Bf6 53. Ne2 Be7 54. h3 Bd6 55. Ng1 Kd1 56. Ne2 Kd2 57. Ng1 Bxg3 58. Nf3+ Kd3 59. Ng1 f4 60. Ne2 Bh2 61. Nc1+ Kc2 62. Ne2 Kd2 63. Nd4 Kd3 64. Nf3 e2+ 65. Kg2 Bg3 66. Ne5+ Kd2 67. Nf3+ Ke3 68. h4 e1=Q 69. Nxe1 Bxe1 70. Kh2 f3 71. Kg1 f2+ 72. Kg2 Ke2 73. Kh3 f1=Q+ 74. Kh2 Bd2 75. Kg3 Bf4#) 52. gxh4 {[%cal Bg3h4,Bh4h5,Bh5h6,Bh6h7][%mdl 32]} Bxh2 $2 (52... f4 $19 {( -> ...f3)} 53. Ng1 Kd1) 53. h5 $1 $11 {The position is equal.} Be5 54. h6 {Inhibits Bg7.} f4 55. Ng1 (55. Nxf4 {leads to mate.} Bxf4 56. Kg2 Bxh6 57. Kf3 Kd3 58. Kg3 e2 59. Kh4 e1=Q+ 60. Kh5 {[#]} Qg3 $1 61. Kxh6 Ke4 62. Kh7 Kf5 63. Kh8 Kg6 64. Kg8 Qb8#) 55... Kd1 56. h7 Bf6 57. Nf3 e2+ 58. Kf2 {[%mdl 32768] Black had all chances to win.   Weighted Error Value: White=0.53/Black=0.58. Sensor Board Error (Ke4/e5)?} 0-1

[Event "Romanian Team Rapid Open 2022"]
[Site "Sebes"]
[Date "2022.12.03"]
[Round "2.30"]
[White "Cordea, David"]
[Black "Tatar, Marius Lucian"]
[Result "1-0"]
[WhiteElo "2049"]
[BlackElo "1405"]
[Annotator "TA"]
[PlyCount "75"]
[EventDate "2022.12.03"]
[EventType "rapid"]
[EventCountry "ROU"]
[SourceTitle "playchess.com"]
[Source "ChessBase"]
[SourceQuality "1"]

{[%evp 17,75,0,12,0,20,12,18,0,19,17,25,23,42,52,47,37,72,73,115,49,109,111,104,108,96,73,83,70,62,68,74,67,60,77,62,55,83,60,62,61,178,189,187,198,165,125,337,322,338,172,152,0,331,331,29989,222,664,638,29998,29999]} 1. b3 d5 2. c4 e6 3. Bb2 Nf6 4. Nf3 Be7 5. d4 O-O 6. e3 b6 7. Bd3 Bb7 8. Nbd2 Nbd7 9. O-O c5 10. cxd5 {E14: Queen's Indian: Classical Variation (4 e3).} exd5 11. Rc1 Ne4 12. Qc2 {[%cal Rd2e4] [#] The position is equal.} cxd4 $146 ({Predecessor:} 12... f5 13. dxc5 Ndxc5 14. Be2 Rc8 15. Qd1 Bf6 16. Nd4 g6 17. N2f3 Qe7 18. Rc2 Ne6 19. Rxc8 Rxc8 {0-1 (45) Brom,J (1998)-Roubal,M (1693) Ceske Budejovice 2021}) 13. Bxd4 {[%cal Rd2e4]} Rc8 14. Qb2 Bf6 15. Rxc8 Qxc8 16. Rc1 Bxd4 17. Nxd4 Ndc5 18. Be2 (18. Bxe4 $1 $16 {And now Nf5 would win.} dxe4 19. b4) 18... Qd8 (18... Nxd2 $14 19. Qxd2 Qb8) 19. b4 $16 Na4 20. Qc2 {Strongly threatening Nxe4.} Nac3 21. Nxe4 Nxe4 22. Qc7 Qf6 $1 23. Bf3 {Active counter play!} (23. Qxb7 $2 {too greedy.} Qxf2+ 24. Kh1 Qxe3 $19) 23... Nd6 {aiming for ...Rc8.} 24. Qd7 Rd8 25. Qa4 a6 26. h3 b5 27. Qd1 Nc4 28. a4 Nb2 (28... bxa4 $14 29. Qxa4 Qb6) 29. Qc2 $1 $18 Nxa4 30. Qc7 {Inhibits Nb6.} Ba8 31. Nc6 {Prevents g6.} Bxc6 (31... Rf8 $16) 32. Rxc6 Qa1+ 33. Rc1 (33. Kh2 $142 {[%cal Rc7d8]} Rf8 34. Bxd5) 33... Qf6 {[#]} 34. Rc6 $40 {[%mdl 128] Against Qb6. White has some attack.} (34. Bxd5 $1 $16 {[%mdl 512]} Kf8 {[#]} 35. Bxf7 $1 {[%mdl 512]}) 34... Qa1+ $1 35. Kh2 {[%cal Rc7d8]} Re8 (35... Rf8 $18 36. Bxd5 g6 37. Rxa6 Qg7) 36. Rxa6 $2 (36. Bxd5 {mates} Kh8 37. Qxf7 Ra8 38. Re6 h6 39. Re8+ Rxe8 40. Qxe8+ Kh7 41. Bg8+ Kh8 42. Bf7+ Kh7 43. Qg8#) 36... Qb2 $2 (36... g6 37. Be2 (37. Bxd5 Qe5+ 38. Qxe5 Rxe5 $16) 37... Qc3) 37. Bxd5 Rf8 {[#]} 38. Qxf7+ $3 {[%mdl 512] Weighted Error Value: White=0.39/Black=0.76} 1-0

[Event "Romanian Team Rapid Open 2022"]
[Site "Sebes"]
[Date "2022.12.03"]
[Round "2.32"]
[White "Tarciuc, Ianis-Mihai"]
[Black "Olariu-Chilut, Sofia"]
[Result "1-0"]
[WhiteElo "1642"]
[BlackElo "1065"]
[Annotator "NA RC COMBH"]
[PlyCount "91"]
[EventDate "2022.12.03"]
[EventType "rapid"]
[EventCountry "ROU"]
[SourceTitle "playchess.com"]
[Source "ChessBase"]
[SourceQuality "1"]

1. d4 d5 2. Nf3 Nf6 3. Bf4 e6 4. e3 Be7 5. Bd3 Bd7 6. Nbd2 O-O 7. O-O Bc8 8. c4 Nbd7 9. Qc2 b6 10. cxd5 exd5 11. Bxc7 Qe8 12. Qc6 Bb7 13. Qxb7 Rc8 14. Rac1 Ra8 15. Bb5 Qc8 16. Qxc8 Raxc8 17. Ne5 Nxe5 18. Bxe5 Rxc1 19. Rxc1 Bb4 20. Nf3 h6 21. Bxf6 gxf6 22. Rc7 a5 23. h4 Bd6 24. Rc6 Bb4 25. a3 Be7 26. h5 Rb8 27. Nh4 Bd8 28. Nf5 Kh7 29. Nd6 Kg7 30. Nf5+ Kh7 31. Bd3 b5 32. Ne7+ Kh8 33. Nxd5 Kg7 34. Nf4 b4 35. axb4 axb4 36. d5 b3 37. d6 Ba5 38. d7 Rd8 39. Bf5 Bd2 40. Rc8 Rxc8 41. dxc8=Q Bxe3 42. Ne6+ fxe6 43. Qd7+ Kf8 44. Bxe6 Bxf2+ 45. Kxf2 f5 46. Qf7# 1-0

[Event "Romanian Team Rapid Open 2022"]
[Site "Sebes"]
[Date "2022.12.03"]
[Round "3.1"]
[White "Lupulescu, Constantin"]
[Black "Miron, Lucian-Costin"]
[Result "1/2-1/2"]
[WhiteElo "2591"]
[BlackElo "2510"]
[Annotator "TA"]
[PlyCount "39"]
[EventDate "2022.12.03"]
[EventType "rapid"]
[EventCountry "ROU"]
[SourceTitle "playchess.com"]
[Source "ChessBase"]
[SourceQuality "1"]

{[%evp 16,39,11,13,10,10,10,3,18,10,7,11,24,17,21,14,53,18,33,6,16,22,12,11,20,0]} 1. Nf3 Nf6 2. c4 e6 3. e3 b6 4. Nc3 Bb7 5. d4 Bb4 6. Bd2 Bxc3 7. Bxc3 Ne4 8. Rc1 {8.Bb4 is more advanced technology.} O-O 9. Bd3 d6 {E21: Nimzo-Indian: 4 Nf3.} 10. O-O Nxc3 11. Rxc3 {[#]} c5 $146 ({Predecessor:} 11... Nd7 12. d5 e5 13. e4 a5 14. Bc2 Nc5 15. g3 c6 16. dxc6 Bxc6 17. Qe2 Qe7 {½-½ (42) Giri,A (2764)-Donchenko,A (2668) Wijk aan Zee 2021}) 12. d5 exd5 13. cxd5 Nd7 14. e4 Re8 15. a4 Qc8 16. Re1 (16. Nd4 $5 {[%cal Rd4f5]}) 16... Ba6 17. Bc2 Qd8 $1 {The position is equal.} 18. Qd2 Qf6 19. b3 Rac8 20. h3 {Weighted Error Value: White=0.09 (flawless) /Black=0.06 (flawless)} 1/2-1/2

[Event "Romanian Team Rapid Open 2022"]
[Site "Sebes"]
[Date "2022.12.03"]
[Round "3.2"]
[White "Filip, Lucian-Ioan"]
[Black "Jianu, Vlad-Cristian"]
[Result "1/2-1/2"]
[WhiteElo "2370"]
[BlackElo "2516"]
[Annotator "TA"]
[PlyCount "67"]
[EventDate "2022.12.03"]
[EventType "rapid"]
[EventCountry "ROU"]
[SourceTitle "playchess.com"]
[Source "ChessBase"]
[SourceQuality "1"]

{[%evp 23,67,30,16,19,24,24,14,0,0,0,-3,-20,-20,-31,-21,-21,-20,-20,-14,-13,-13,-14,-10,-31,-25,-22,-22,-22,-22,-23,-23,-22,-19,-25,-24,-27,-15,-26,-20,-20,-16,-15,0,-11,0,-17]} 1. Nf3 Nf6 2. c4 e6 3. g3 d5 4. d4 dxc4 5. Bg2 c5 6. O-O Nc6 7. dxc5 Qxd1 8. Rxd1 Bxc5 9. Nbd2 c3 10. bxc3 O-O 11. Nb3 Be7 12. c4 Bd7 13. Bb2 {E04: Open Catalan: 5 Nf3.} Rfd8 {13...Rfc8 injects fresh life into this line.} 14. Nfd4 Rac8 15. Nxc6 Bxc6 16. Bxc6 Rxc6 {[#]} 17. Bxf6 $146 ({Predecessor:} 17. Na5 Rxd1+ 18. Rxd1 Rc5 19. Ba3 Rxa5 20. Bxe7 h5 21. a3 b6 22. f3 Ra4 23. c5 {½-½ (23) Matviishen,V (2490)-Dragun,K (2563) Philadelphia 2022}) 17... Bxf6 18. Rxd8+ Bxd8 $11 {[%mdl 4096] Endgame KRB-KRN} 19. Rd1 {[%cal Rd1d8] [#]} Bc7 20. c5 Kf8 21. Rd4 b6 22. cxb6 Bxb6 23. Rd2 Rc4 24. e3 Ke7 25. Kf1 e5 26. Ke2 Ke6 27. Rb2 h5 28. Nd2 Ra4 29. h4 f6 30. Kd3 Kd5 31. Rb5+ {The position is equal.} Kc6 32. Rb2 Kd5 33. Rb5+ Kc6 34. Rb2 {An even fight not without its subleties.   Weighted Error Value: White=0.04 (flawless) /Black=0.04 (flawless)} 1/2-1/2

[Event "Romanian Team Rapid Open 2022"]
[Site "Sebes"]
[Date "2022.12.03"]
[Round "3.3"]
[White "Parligras, Mircea-Emilian"]
[Black "Secheres, Adrian-Simion"]
[Result "1-0"]
[WhiteElo "2567"]
[BlackElo "2365"]
[Annotator "TA"]
[PlyCount "117"]
[EventDate "2022.12.03"]
[EventType "rapid"]
[EventCountry "ROU"]
[SourceTitle "playchess.com"]
[Source "ChessBase"]
[SourceQuality "1"]

{[%evp 13,117,32,33,29,37,37,46,31,35,48,49,51,70,63,86,9,30,12,125,120,97,100,114,102,132,81,69,14,7,7,7,6,14,9,10,11,0,2,0,-25,33,32,32,0,54,-75,-74,-74,-78,-70,8,8,8,0,22,22,22,22,22,22,26,18,77,72,191,202,614,612,607,604,592,466,789,385,592,585,530,502,421,200,435,422,415,240,594,598,566,361,29966,29968,29963,29967,29965,29968,29964,29969,29971,29967,29958,1070,29979,29980,29978,29960,5583,5636]} 1. d4 Nf6 2. c4 g6 3. Nc3 Bg7 4. e4 d6 5. h3 O-O 6. Be3 e5 7. d5 Na6 8. g4 {E71: King's Indian: 4 e4 d6 5 h3.} Nc5 9. f3 a5 10. Nge2 {White is slightly better.} c6 11. Qd2 cxd5 12. cxd5 a4 13. Ng3 h5 {[#]} 14. h4 $146 (14. Nb5 $1 $16) ({Predecessor:} 14. Rg1 h4 15. Nge2 Qa5 16. Nc1 Bd7 17. Nd3 b6 18. Nxc5 bxc5 19. Bc4 Rfb8 20. Kf2 {0-1 (51) Bharath,S (2479)-Demchenko,A (2654) Chess.com INT 2022}) 14... hxg4 $11 15. h5 $1 {Black must now prevent Bxc5.} Re8 (15... gxf3 $2 16. h6 Nfxe4 17. Ngxe4 (17. Ncxe4 Bf6 $18) 17... Nxe4 18. Nxe4 $18) (15... Nh7 $11 {remains equal.}) 16. hxg6 $16 fxg6 17. Bxc5 {White is more active.} dxc5 18. Bc4 Qb6 19. Nb5 (19. O-O-O $142 $1) 19... Qa5 (19... gxf3 20. O-O-O a3 21. b3) 20. O-O-O (20. Nc7 $14 gxf3 21. Nxa8 f2+ 22. Ke2 Bg4+ 23. Ke3 Qxd2+ 24. Kxd2 Rxa8 25. Rh2 (25. Raf1 Bf3 $14)) 20... Qxd2+ $1 $11 (20... gxf3 $2 21. d6+ Be6 22. Bxe6+ Rxe6 23. Nc7 Qxd2+ 24. Rxd2 $18) 21. Rxd2 {Nc7 is the strong threat.} gxf3 22. Nc7 {[%csl LRa8,LRe8]} Bg4 23. d6+ Kf8 {[%cal Oa8a5]} 24. Bb5 {Hoping for d7.} Red8 25. Nxa8 Rxa8 26. d7 Rd8 (26... Ke7 $1 $11) 27. Bxa4 $14 Ke7 {[%cal Oc5c4]} ({Don't play} 27... Bxd7 28. Bxd7 Rxd7 29. Rxd7 Nxd7 30. Rf1 $16) 28. Kb1 Be6 ({Resist} 28... Bxd7 29. Bxd7 Rxd7 30. Rxd7+ Kxd7 31. Rf1 $14) (28... Nh5 $11 29. Nxh5 gxh5) 29. Rf1 (29. Bd1 $14 {keeps the upper hand.}) 29... Bh6 $1 $17 30. Rh2 Bf4 {A strong pair of Bishops.} 31. Rxf3 Bxd7 (31... Nh5 $1 $15 32. Rg2 Nxg3 33. Rgxg3 Bxg3 34. Rxg3 Rg8) 32. Bxd7 $11 Rxd7 33. Rh1 {Against Rd1+} Rd2 34. Rb3 b5 35. Rg1 b4 36. a3 bxa3 37. Rxa3 Ne8 {[#]} (37... Kf7 $11 {keeps the balance.}) 38. Ra7+ $1 $16 {Black is on the road to losing.} Ke6 {[#]} (38... Kf8 $16 {is a better defense.}) 39. Ne2 $1 $18 Rxe2 $2 (39... g5) 40. Rxg6+ Nf6 41. Ra6+ Ke7 42. Rgxf6 Rxe4 {[%mdl 4096] Endgame KRR-KRB} (42... Be3 $142 43. Rfe6+ Kd8) 43. Rfc6 (43. Rfe6+ $142 Kf7 44. Rec6) 43... Re1+ (43... Rd4 $142 44. Rxc5 Kd8) 44. Ka2 {Threatening mate with Rc7+.} Rd1 45. Rxc5 Kd7 46. Rc4 (46. Kb3 $142) 46... Rd2 $2 (46... Rd6 47. Rca4 Be3) 47. Kb3 Rd3+ 48. Kc2 Rh3 (48... Rd6) 49. b4 Be3 50. Rg4 {White wants to mate with Rg7+.} Kc7 $2 (50... Rh7 $18 51. Kd3 Bf2) 51. Rg7+ Kb8 52. Re6 {[%cal Re6e8]} Rh8 53. Rxe5 Bd4 54. Rb5+ Ka8 55. Ra5+ Kb8 56. Rf7 {White threatens Kb3 and mate.} Rh3 57. Rd5 {[%cal Rd5d8]} Bb6 58. Rg5 Rh8 59. Kb3 {Weighted Error Value: White=0.29 (precise) /Black=0.67} 1-0

[Event "Romanian Team Rapid Open 2022"]
[Site "Sebes"]
[Date "2022.12.03"]
[Round "3.4"]
[White "Ciorgovean, Iustin"]
[Black "Gavrilescu, David"]
[Result "*"]
[WhiteElo "2319"]
[BlackElo "2523"]
[Annotator "TA"]
[PlyCount "46"]
[EventDate "2022.12.03"]
[EventType "rapid"]
[EventCountry "ROU"]
[SourceTitle "playchess.com"]
[Source "ChessBase"]
[SourceQuality "1"]

{[%evp 13,33,0,0,-11,-32,-66,-19,-17,-18,-9,-16,-60,-48,-57,-55,-37,-49,-61,-56,-60,-56,-68]} 1. d4 d5 2. Nf3 Nf6 3. g3 c5 4. Bg2 cxd4 5. O-O h6 6. Nxd4 e5 7. Nb3 Nc6 8. Nc3 {[%cal Rc3d5,Bb1c3,Bc3a4,Ba4c5,Bc5d3][%mdl 32] D02: 1 d4 d5 2 Nf3 sidelines, including 2...Nf6 3 g3 and 2...Nf6 3 Bf4.} (8. c4 $5 {[%cal Rc4d5]}) 8... Be6 9. Na4 Be7 (9... Rc8 $15 {is more appropriate.}) 10. Nac5 $11 {The position is equal.} Bc8 11. e4 {[%cal Re4d5]} d4 12. Bd2 O-O {Black is slightly better.} (12... Qb6 $5 13. Nd3 $8 a5 $15) 13. Qe2 b6 14. Nd3 a5 15. a4 Ba6 16. f4 Rc8 17. Rfc1 {[#]   Weighted Error Value: White=0.12 (very precise) /Black=0.06 (flawless)} {Predecessor:} Re8 $146 18. f5 Nd7 19. Qf3 Bg5 20. h4 Bxd2 21. Nxd2 Qe7 22. Bf1 Rc7 23. Qf2 Rec8 {1-0 (36) Nastore,P (2218)-Gavrilescu,D (2522) Sebes 2022} *

[Event "Romanian Team Rapid Open 2022"]
[Site "Sebes"]
[Date "2022.12.03"]
[Round "3.4"]
[White "Nastore, Pavel-Alexandru"]
[Black "Gavrilescu, David"]
[Result "1-0"]
[WhiteElo "2218"]
[BlackElo "2523"]
[Annotator "TA"]
[PlyCount "71"]
[EventDate "2022.12.03"]
[EventType "rapid"]
[EventCountry "ROU"]
[SourceTitle "playchess.com"]
[Source "ChessBase"]
[SourceQuality "1"]

{[%evp 13,71,0,0,-4,-6,-56,-28,-16,-14,-20,-18,-52,-47,-59,-53,-49,-45,-55,-56,-53,-56,-63,-59,-155,-70,-116,-67,-104,-102,-97,-94,-93,-85,-128,-81,-66,-74,-52,-66,-68,-70,-96,-107,-115,-105,-110,-107,-108,285,285,279,270,698,685,1038,1037,1339,1261,1217,1217]} 1. d4 d5 2. Nf3 Nf6 3. g3 c5 4. Bg2 cxd4 5. O-O h6 6. Nxd4 e5 7. Nb3 Nc6 8. Nc3 {[%cal Rc3d5] D02: 1 d4 d5 2 Nf3 sidelines, including 2...Nf6 3 g3 and 2...Nf6 3 Bf4.} Be6 9. Na4 (9. f4 $11) 9... Be7 10. Nac5 {Black has an edge.} Bc8 11. e4 {[%cal Re4d5]} d4 {[#]} 12. Bd2 $146 ({Predecessor:} 12. c3 O-O 13. cxd4 exd4 14. Bf4 a5 15. a4 b6 16. Nd3 Bg4 17. Qd2 Rc8 18. Ne5 Nxe5 19. Bxe5 {1-0 (47) Ianov,V (2328)-Khamitskiy,S (2258) Minsk 2018}) 12... O-O (12... Qb6 $5 13. Nd3 $8 a5 $11) 13. Qe2 b6 14. Nd3 a5 15. a4 Ba6 16. f4 Rc8 17. Rfc1 Re8 18. f5 (18. Qf3 $15) 18... Nd7 (18... Nb4 $1 $17 19. Bxb4 Bxb4) 19. Qf3 ({Better is} 19. Bf1 $15) 19... Bg5 (19... Nb4 $1 $17 {[%cal Rb4c2]} 20. Bxb4 axb4) 20. h4 {[#]} Bxd2 21. Nxd2 Qe7 22. Bf1 Rc7 23. Qf2 Rec8 ({Black should play} 23... Ncb8 24. Qf3 Rec8) 24. Nf4 $17 exf4 ({Much less strong is} 24... Bxf1 25. Nd5 Qd6 26. Nxc7 $11 (26. Nxf1 Rb7 $17) (26. Kxf1 Nb4 $17)) 25. Bxa6 {[%cal Of2f4]} Ra8 ({Much weaker is} 25... fxg3 26. Qxg3 Nce5 27. Bxc8 Rxc8 28. Qh3 $11) 26. Qxf4 Nde5 $1 27. Be2 {[%cal Ba6e2,Be2f3,Bf3h5][%mdl 32]} Nb4 {Pair of Knights!} 28. Nf3 {[#] Against d3} Nxf3+ 29. Bxf3 {[%cal Of5f6]} Nxc2 ({Weaker is} 29... Rxc2 30. Rxc2 Nxc2 31. e5 $11) 30. f6 Qxf6 {[%mdl 8192] A mistake that costs the game.} (30... gxf6 $17 {and life is bright. ...d3 is the strong threat.} 31. e5 Re8) 31. Qxc7 $18 Nxa1 32. Rf1 Nb3 $2 (32... Rf8) 33. Bh5 {[%csl LRf6,LRf7][%mdl 64] Discovered Attack. White is clearly winning.} Qxf1+ 34. Kxf1 Nd2+ 35. Ke1 g6 36. Kxd2 {Weighted Error Value: White=0.14 (very precise) /Black=0.52} 1-0

[Event "Romanian Team Rapid Open 2022"]
[Site "Sebes"]
[Date "2022.12.03"]
[Round "3.5"]
[White "David, Alexandru-Vasile"]
[Black "Costachi, Mihnea"]
[Result "1/2-1/2"]
[WhiteElo "2404"]
[BlackElo "2476"]
[Annotator "TA"]
[PlyCount "47"]
[EventDate "2022.12.03"]
[EventType "rapid"]
[EventCountry "ROU"]
[SourceTitle "playchess.com"]
[Source "ChessBase"]
[SourceQuality "1"]

{[%evp 14,47,-19,-20,-15,-15,-12,-22,0,-12,0,0,0,0,0,0,0,-18,0,0,0,0,0,0,3,0,14,0,0,0,0,0,0,-12,0,0]} 1. d4 Nf6 2. Bf4 g6 3. Nf3 Bg7 4. e3 O-O 5. Nbd2 b6 6. h3 Bb7 7. Bd3 d6 8. O-O {The position is equal.} Nbd7 {[%cal Bb8d7,Bd7c5,Bc5e4,Be4d6][%mdl 32] A48: 1 d4 Nf6 2 Nf3 g6: Torre, London and Colle Systems.} 9. Bh2 Re8 10. Qe2 e5 11. dxe5 dxe5 {[#] ...e4 is the strong threat.} (11... Nxe5 {simplifies} 12. Nxe5 dxe5 13. a4 a6) 12. Ba6 {[#]} Bxa6 $146 ({Predecessor:} 12... Qc8 13. Bxb7 Qxb7 14. Rfd1 Rad8 15. a4 a5 16. Qb5 c6 17. Qc4 Nd5 18. Ne4 Nb8 {0-1 (39) Zhizmer,Y (2345)-Prozhanski,G (2240) Safed 2021}) 13. Qxa6 Nc5 14. Qe2 Nfe4 15. Rfd1 {[#] aiming for Nxe4.} Qe7 16. Nxe4 Nxe4 17. Qc4 Nd6 18. Qc6 Rad8 19. Rd5 f6 20. Rad1 Qd7 21. Qc3 Qf7 {[%cal Od6b5]} 22. Qc6 Qd7 23. Qc3 Qf7 {[%cal Od6b5]} 24. Qc6 {Not much happened in this game.   Weighted Error Value: White=0.04 (flawless) /Black=0.04 (flawless)} 1/2-1/2